Statistics for Manchester United Current Squad

Click here to take the quiz!

General Stats

  • This quiz has been taken 21,591 times
    (32 since last reset)
  • The average score is 24 of 37

Answer Stats

#Player% Correct
1David de Gea
100%
10Marcus Rashford
100%
18Bruno Fernandes
93%
3Eric Bailly
93%
5Harry Maguire
93%
6Paul Pogba
93%
7Edinson Cavani
89%
9Anthony Martial
89%
11Mason Greenwood
89%
23Luke Shaw
89%
2Victor Lindelöf
89%
29Aaron Wan-Bissaka
86%
26Dean Henderson
86%
17Fred
82%
39Scott McTominay
79%
21Daniel James
79%
8Juan Mata
79%
31Nemanja Matić
75%
33Brandon Williams
71%
4Phil Jones
71%
14Jesse Lingard
68%
27Alex Telles
68%
34Donny van de Beek
64%
38Axel Tuanzebe
61%
13Lee Grant
57%
19Amad Diallo
54%
44Tahith Chong
39%
37James Garner
36%
56Anthony Elanga
36%
20Diogo Dalot
32%
15Andreas Pereira
32%
74Shola Shoretire
32%
46Hannibal Mejbri
21%
48Will Fish
18%
43Teden Mengi
14%
28Facundo Pellistri
11%
60Ondřej Mastný
4%

Score Distribution

Percentile by Number Answered

Percent of People with Each Score

Your Score History

You have not taken this quiz since the last reset